000 00707cam a2200229 i 4500
999 _c7510
_d7510
001 026518
003 GZU
005 20210511093552.0
008 781017s1979 nyua 001 0 eng
010 _a 78023997
020 _a9780804846387
040 _aDLC
_cDLC
_dDLC
050 1 0 _aPE1115
_b.B68
082 0 0 _a428/.2
245 1 0 _aEnglish made easy volume one
_cCrichton,J
260 _aNorth Clarendon
_bTuttle Publishing
_c2015
300 _a192 p. :
_bill.
_c22 x 28 cm.
500 _aIncludes index.
650 0 _aEnglish language
_xBusiness English
_xProblems, exercises, etc.
650 0 _aEnglish language
_xGrammar
_xProblems, exercises, etc.
942 _2lcc
_cBK
_h1128
_iCRI
_kPE
_mPE1128 CRI 2015